مناهج البحث وطرق التحليل الإحصائي في العلوم النفسية والتربوية والإجتماعية. (رقم التسجيلة. 122042)

تفاصيل مارك
000 -الفاتح
عناصر البيانات ثابتة الطول 00831cam a22002057i 4500
005 - تاريخ ووقت آخر معاملة
حقل ضبط 20251108174935.0
008 - عناصر البيانات ثابتة الطول
عناصر البيانات ثابتة الطول 250721s2010 ua a gr 000 0 ara d
041 ## - كود اللغة
كود اللغة لنص/مسار صوت أو عنوان منفصل ara
082 14 - رقم تصنيف ديوي العشري
رقم التصنيف 001.422
رقم المادة ح ط ب
100 1# - مدخل رئيسي – اسم شخصي
الاسم الشخصي أبو حطب، فؤاد.
علاقة الشخص بالعمل/ دوره مؤلف.
245 10 - بيان العنوان
العنوان مناهج البحث وطرق التحليل الإحصائي في العلوم النفسية والتربوية والإجتماعية.
بيان المسؤولية تاليف د. فؤاد ابو حطب، د. آمال صادق.
250 ## - بيان الطبعة
بيان الطبعة الطبعة الاولى.
264 31 - بيانات النشر، التوزيع…إلخ
مكان النشر، التوزيع...إلخ القاهرة :
اسم الناشر، الموزع...إلخ مكتبة الانجلو المصرية،
تاريخ النشر، التوزيع...إلخ 2010.
300 ## - الوصف المادي
عدد الوحدات المكونة للوعاء 840 صفحة.
650 17 - مدخل إضافي بالموضوع - مصطلح موضوعي
مصطلح موضوعي أو اسم جغرافي كعنصر مدخل أساليب البحث.
650 17 - مدخل إضافي بالموضوع - مصطلح موضوعي
مصطلح موضوعي أو اسم جغرافي كعنصر مدخل التحليل الاحصائي.
700 1# - مدخل إضافي - اسم شخصي
الاسم الشخصي صادق، آمال.
علاقة الشخص بالعمل/ دوره مؤلف.
942 ## - بيانات إضافية (كوها)
نوع التنصيف Dewey Decimal Classification
نوع المادة (كوها) كتب
المقتنيات
حالة السحب حالة الفقدان مصدر التصنيف حالة التلف غير قابل للإعارة المكتبة الرئيسية المكتبة الحالية موقع الرف تاريخ التزويد الرقم المتسلسل Total Checkouts رقم الإستدعاء الباركود تاريخ آخر ظهور تاريخ الفاتورة نوع المادة (كوها) تاريخ آخر استعارة
    Dewey Decimal Classification     المكتبة المركزية المكتبة المركزية الإعارة 28/07/2025 1457475   001.422/حطب PLD00165296 28/07/2025 28/07/2025 كتب  
    Dewey Decimal Classification     المكتبة المركزية المكتبة المركزية الإعارة 17/02/2013 1543976 2 001.422/حطب PLD00264189 29/10/2025 17/02/2013 كتب 29/10/2025
Implemented & Customized by: BBB with SCIT (Smart Chains for Information Technology)

Powered by Koha